Macroeconomics: theory and policy
Αποθηκεύτηκε σε:
| Κύριος συγγραφέας: | |
|---|---|
| Μορφή: | Βιβλίο |
| Γλώσσα: | Αγγλικά |
| Έκδοση: |
Boston
Houghton Mifflin
1974
|
| Θέματα: | |
| Ετικέτες: |
Προσθήκη ετικέτας
Δεν υπάρχουν, Καταχωρήστε ετικέτα πρώτοι!
|
MARC
| LEADER | 00000nam a2200000 a 4500 | ||
|---|---|---|---|
| 001 | UCT8222 | ||
| 003 | CL-VaPUC | ||
| 008 | 970326e19740000US |||||||||||||||||eng|d | ||
| 082 | 0 | 4 | |a 339 |b CAM |2 21 |
| 100 | 0 | |a Campagna, Anthony S |e author |9 379803 | |
| 245 | 1 | 0 | |a Macroeconomics: theory and policy |
| 300 | |a 468 p | ||
| 942 | |c BK | ||
| 945 | |d 19970326 00:00:00 |a nastorga | ||
| 260 | |a Boston |b Houghton Mifflin |c 1974 | ||
| 650 | 0 | |a Macroeconomía |9 260301 | |
| 650 | 0 | |a Política económica |9 255029 | |
| 650 | 0 | |a Economía internacional |9 258254 | |
| 650 | 0 | |a Consumo |9 333893 | |
| 650 | 7 | |a DEMANDA |2 CL-VaPUC |9 255172 | |
| 650 | 7 | |a INTERESES |2 CL-VaPUC |9 358017 | |
| 650 | 0 | |a Dinero |9 314331 | |
| 650 | 0 | |a Precios |9 260787 | |
| 650 | 0 | |a Inflación |9 257218 | |
| 650 | 0 | |a Política fiscal |9 317354 | |
| 650 | 0 | |a Política monetaria |9 258279 | |
| 583 | |a last modification |c 19970326 00:00:00 |k Rodrigo Vera | ||
| 999 | |c 256743 |d 256741 | ||
| 952 | |0 0 |1 0 |4 0 |6 339_000000000000000_CAM_1974 |7 0 |8 P |9 279662 |a BIBGIM |b BIBGIM |d 2019-11-19 |i 3279499 |o 339 CAM 1974 |p 3279499 |r 2025-01-15 |w 2019-11-19 |y BK |k COM | ||